| 000 | 01373nam a2200241Ia 4500 | ||
|---|---|---|---|
| 999 |
_c55752 _d55752 |
||
| 001 | 22847 | ||
| 003 | GE_BSU | ||
| 005 | 20230524173543.0 | ||
| 008 | 181216s ||||ge |||||||||||||| ||geo|| | ||
| 020 | _a978-9941-9048-4-4 | ||
| 040 | _cGE_BSU | ||
| 041 | _ageo | ||
| 080 | _a821.112.2(436)-1 მ-46 | ||
| 245 |
_aმე-20 საუკუნის ავსტრიული ლირიკა = Osterreichische Lyrik des 20. Jahrhunderts : _b მასალები ტ. 5 ფრანც ვერფელი, ალექსანდერ ლერნეტ-ჰოლენია / _cიდეის ავტ. და ხელმძღვ. დათო ბარბაქაძე ; მრჩეველთა კოლ. : ბ. ადეიშვილი, მ. გრუბერი და სხვ. |
||
| 264 |
_aთბილისი : _bპოლილოგი, _c2010. |
||
| 300 |
_a408 გვ. ; _c20 სმ. |
||
| 500 | _aლექსები ქართულ და გერმანულ ენებზე | ||
| 501 | _aდანართები : გვ. 347-395 | ||
| 541 | _h7 ლ. | ||
| 653 | _aმე-20 საუკუნის ავსტრიული ლირიკა | ||
| 653 | _aტ.6 : ფრანც ვერფელი, ალექსანდერ ლერნეტ-ჰოლენია | ||
| 942 |
_cBK _2udc |
||